00933cam a22002651 4500001001300000003000400013005001700017008004100034010001700075035001900092040005200111042001200163050002200175082001500197110004100212245009000253250002400343260001900367300001800386490008000404650005400484650004800538810006400586999001700650e 42000239 DLC20260227111231.0821030s1942 nyu s000 0 eng c ae 42000239  a(OCoLC)8908844 aU.S. Off. of educ. LibrarycICarbSdICarbSdDLC apremarc00aLB2351b.N45 1942 a371.2147472 aUniversity of the State of New York.10aSubject requirements for matriculation in colleges and universites of New York state. aRevised March 1942. aAlbanyc[1942] a49 p.c23 cm.1 aUniversity of the state of New York bulletinvno. 1223 ... November 1, 1941 0aUniversities and collegesxEntrance requirements. 0aUniversities and collegeszNew York (State)2 aUniversity of the State of New York.tBulletin ;vno. 1223. c21877d21877